Essais critiques

Αποθηκεύτηκε σε:
Λεπτομέρειες βιβλιογραφικής εγγραφής
Κύριος συγγραφέας: Barthes, Roland
Μορφή: Βιβλίο
Γλώσσα:French
Δημοσίευση: Paris : Seuil, 1964
Σειρά:Collection Tel quel
Θέματα:
Ετικέτες: Προσθήκη ετικέτας
Δεν υπάρχουν, Καταχωρήστε ετικέτα πρώτοι!

MARC

LEADER 00000nam a2200000 i 4500
001 1/22196
008 970711s1964 fre d
020 |a 2-02-001923-X 
035 |a 1995  |b 2  |c Αναγνωστοπούλου  |l 10036497 
040 |a GR-MY-UA  |b gre  |e aacr 
041 0 |a fre 
082 0 |a 809 
100 1 |a Barthes, Roland. 
245 1 0 |a Essais critiques /  |c Roland Barthes 
260 |a Paris :   |b Seuil,   |c 1964 
300 |a 276 p. 
490 1 |a Collection Tel quel 
650 0 0 |a Literature, Modern  |x History and criticism. 
830 0 |a Collection Tel quel 
852 |a INST  |b RHODES  |e 19970711  |h 809 BAR  |p 005400005229  |q 005400005229  |t BK  |y 0 
909 |a Ρ  |b 041260  |c 1995 
970 |z 2000/08/ΔΕΜΕΝΑΓΑΣ ΠΕΤΡΟΣ